000 00686nam a2200229Ia 4500
003 OSt
005 20251119153828.0
008 210210b1955 xxu||||| |||| 00| 0 eng d
040 _cAL
041 _aKannada
082 _a851/253
100 _aPAMPA
_9141630
_dಪಂಪ
245 _aPampabharatam emba vikramarjuna vijayam
_bಪಂಪಭಾರತಂ ಎಂಬ ವಿಕ್ರಮಾರ್ಜುನ ವಿಜಯಂ
260 _aMaisuru
_bMaisuru Vishvavidyalaya
_c1955
650 _avikramarjuna
_9141631
650 _avijayam
_9141632
650 _aPampabharatam
_9141633
650 _aemba
_9141634
690 _aKannada Poetry
_9141635
906 _a018271
942 _2ddc
_cBK
999 _c141394
_d141394